000 00345cam a2200145ua 4500
003 OSt
008 221122b |||||||| |||| 00| 0 eng d
041 _aeng
082 _a387.7
_bMIN/CI
245 _aCivil aviation in India
250 _a1 /
260 _aIndia :
_bMinistry of I&B, Govt. of India ,
_c1961.
300 _a52 ; .
942 _cBK
999 _c11779
_d11779